<?xml version="1.0" encoding="UTF-8"?>
<collection xmlns:xsi="http://www.w3.org/2001/XMLSchema-instance" xsi:schemaLocation="http://www.loc.gov/MARC21/slim http://www.loc.gov/standards/marcxml/schema/MARC21slim.xsd" xmlns="http://www.loc.gov/MARC21/slim">
 <record>
  <leader>00000cam a22000003i 4500</leader>
  <controlfield tag="001">UP-1685594773862075096</controlfield>
  <controlfield tag="003">Buklod</controlfield>
  <controlfield tag="005">20170301144109.0</controlfield>
  <controlfield tag="006">g||| |     ||   ||</controlfield>
  <controlfield tag="007">ta</controlfield>
  <controlfield tag="008">170523s2015    njua    rb   |||| u|eng d</controlfield>
  <datafield tag="020" ind1=" " ind2=" ">
   <subfield code="a">9781632404541 (hbk. : v.1)</subfield>
  </datafield>
  <datafield tag="020" ind1=" " ind2=" ">
   <subfield code="a">9781632404558 (hbk. : v.2)</subfield>
  </datafield>
  <datafield tag="035" ind1=" " ind2=" ">
   <subfield code="a">(iLib)UPBAG-00023453639</subfield>
  </datafield>
  <datafield tag="037" ind1=" " ind2=" ">
   <subfield code="a">BC-67775 v.1</subfield>
   <subfield code="b">JNJ Educational Enterprises</subfield>
   <subfield code="c">Php8,277.00</subfield>
   <subfield code="n">DPS Faculty</subfield>
  </datafield>
  <datafield tag="037" ind1=" " ind2=" ">
   <subfield code="a">BC-67776 v.2</subfield>
   <subfield code="b">JNJ Educational Enterprises</subfield>
   <subfield code="c">Php8,277.00</subfield>
   <subfield code="n">DPS Faculty</subfield>
  </datafield>
  <datafield tag="040" ind1=" " ind2=" ">
   <subfield code="a">BAG</subfield>
   <subfield code="e">rda</subfield>
  </datafield>
  <datafield tag="041" ind1="0" ind2=" ">
   <subfield code="a">eng</subfield>
  </datafield>
  <datafield tag="090" ind1=" " ind2="0">
   <subfield code="a">TJ 211</subfield>
   <subfield code="b">R63 2015</subfield>
  </datafield>
  <datafield tag="245" ind1="0" ind2="0">
   <subfield code="a">Robotics</subfield>
   <subfield code="b">application, control strategies and coding</subfield>
   <subfield code="c">edited by Jared Kroff.</subfield>
  </datafield>
  <datafield tag="264" ind1=" " ind2="1">
   <subfield code="a">Jersey City, NJ, USA</subfield>
   <subfield code="b">Clanrye International</subfield>
   <subfield code="c">[2015]</subfield>
  </datafield>
  <datafield tag="300" ind1=" " ind2=" ">
   <subfield code="a">2 volumes</subfield>
   <subfield code="b">illustrations (some color)</subfield>
   <subfield code="c">24 cm</subfield>
  </datafield>
  <datafield tag="336" ind1=" " ind2=" ">
   <subfield code="a">text</subfield>
   <subfield code="2">rdacontent</subfield>
  </datafield>
  <datafield tag="337" ind1=" " ind2=" ">
   <subfield code="a">unmediated</subfield>
   <subfield code="2">rdamedia</subfield>
  </datafield>
  <datafield tag="338" ind1=" " ind2=" ">
   <subfield code="a">volume</subfield>
   <subfield code="2">rdacarrier</subfield>
  </datafield>
  <datafield tag="504" ind1=" " ind2=" ">
   <subfield code="a">Includes bibliographical references.</subfield>
  </datafield>
  <datafield tag="520" ind1=" " ind2=" ">
   <subfield code="a">Volume 1 provides current researches in robot applications, control and modeling. The first section highlights robotic surgery, self-assembly, rehabilitation, whereas the second section gives an insight into the area of control with debates on exoskeleton control and an inverse dynamic analysis of a joint parallel robot among others. The advancements of these novel techniques have given a strong stimulus to the developments achieved in the field of robotics.  Volume 2 combines recent researches in robot sensors and algorithms. It has been organized under two broad sections namely, &quot;Vision and Sensors&quot; and &quot;Programming and Algorithms&quot; focusing on ultrasonic-sensors, programming of intelligent robots and systems adaptations. The advancements of these novel techniques have given a strong stimulus in the field of robotics.</subfield>
  </datafield>
  <datafield tag="650" ind1=" " ind2="0">
   <subfield code="a">Robotics</subfield>
   <subfield code="x">Research.</subfield>
  </datafield>
  <datafield tag="650" ind1=" " ind2="0">
   <subfield code="a">Robots</subfield>
   <subfield code="x">Control systems</subfield>
   <subfield code="x">Research.</subfield>
  </datafield>
  <datafield tag="650" ind1=" " ind2="0">
   <subfield code="a">Robots</subfield>
   <subfield code="x">Programming</subfield>
   <subfield code="x">Research.</subfield>
  </datafield>
  <datafield tag="700" ind1="1" ind2=" ">
   <subfield code="a">Kroff, Jared</subfield>
   <subfield code="e">editor.</subfield>
  </datafield>
  <datafield tag="905" ind1=" " ind2=" ">
   <subfield code="a">FO</subfield>
  </datafield>
  <datafield tag="852" ind1="0" ind2=" ">
   <subfield code="a">UPBAG</subfield>
   <subfield code="b">UPBAG-MAIN</subfield>
   <subfield code="h">TJ 211 R63 2015</subfield>
  </datafield>
  <datafield tag="942" ind1=" " ind2=" ">
   <subfield code="a">Book</subfield>
  </datafield>
 </record>
</collection>
